Statistics for Billboard artists #2: 2021 Top artists

Click here to take the quiz!

General Stats

  • This quiz has been taken 9 times
  • The average score is 9 of 20

Answer Stats

HintAnswer% Correct
1Drake
86%
8Justin Bieber
86%
4Taylor Swift
86%
6Ariana Grande
71%
11Dua Lipa
71%
16Bad Bunny
57%
13Billie Eilish
57%
12BTS
43%
19Lil Nas X
43%
2Olivia Rodrigo
43%
15The Kid LAROI
43%
3The Weeknd
43%
7Doja Cat
29%
20Juice WRLD
29%
14Lil Baby
29%
17Lil Durk
29%
9Luke Combs
29%
5Morgan Wallen
29%
10Pop Smoke
14%
18Polo G
0%

Score Distribution

Percentile by Number Answered

Percent of People with Each Score

Your Score History

You have not taken this quiz